00702 2200277 4500001002100000005001500021035002000036007000300056008004100059020002100100082001000121084001600131100001700147245005800164250001100222260004400233300002100277990001400298990001600312990001600328990001600344990001600360990001600376990001600392990001600408INLIS00000000000771320260409115508 a0010-0426000024ta260409 | | ind  a978-6027-819-061 a636.2 a636.2 YUN s1 aYunus, Ahmad1 aSukses Usaha Pembibitan Sapi & Kambing /cAhmad Yunus aCet. 2 aYogyakarta :bPustaka Baru Press,c2025 a206 hlm ;c20 cm a5539/2024 a5539.2/2024 a5539.3/2024 a5539.4/2024 a5539.5/2024 a5539.6/2024 a5539.7/2024 a5539.8/2024